La democracia "en cuestión" (o la potencia deconstructiva del inmigrante)

Desde lo que se ha entendido por filosofía de la deconstrucción y teniendo como fuente fundamental a la literatura contemporánea respecto de las migraciones, el presente artículo persigue comprender la figura del inmigrante actual en su singularidad como una fuerza deconstructiva, disruptiva y dislo...

Full description

Bibliographic Details
Main Author: Agüero Aguila, Javier
Format: Analitica de revista
Language:Spanish
Published: Santiago, Chile: Universidad Academia de Humanismo Cristiano, 2018.
Subjects:
Online Access:Disponible en línea (PDF). Biblioteca Digital UAHC

MARC

LEADER 00000cab a2200000 a 4500
001 027211
003 UAHC_CL
005 20210909180529.0
008 031031s2018 cl 000 spa
952 |0 0  |1 0  |2 ddc  |4 0  |6 ACADEMIA_Y_CRITICA02_18_000000000000000  |7 0  |8 COMP  |9 93914  |a BC  |b BC  |c General  |d 2020-06-18  |l 0  |o ACADEMIA Y CRITICA-02/18  |r 2020-06-18 00:00:00  |w 2020-06-18  |y REVA 
999 |c 53528  |d 53528 
040 |a UAHC_CL  |c UAHC_CL  |d UAHC_CL 
100 |a Agüero Aguila, Javier  |9 12303 
245 1 3 |a La democracia "en cuestión" (o la potencia deconstructiva del inmigrante)  |c Javier Agüero Aguila. 
260 |a Santiago, Chile:  |b Universidad Academia de Humanismo Cristiano,  |c 2018. 
300 |a pp. 14-27 
500 |a En: Academia y Crítica, Revista de la Escuela de Sociología de la Universidad Academia de Humanismo Cristiano, no. 2, otoño 2018. pp. 14-27. ISSN 0719-9147. 
520 |a Desde lo que se ha entendido por filosofía de la deconstrucción y teniendo como fuente fundamental a la literatura contemporánea respecto de las migraciones, el presente artículo persigue comprender la figura del inmigrante actual en su singularidad como una fuerza deconstructiva, disruptiva y dislocadora que permitiría, con su llegada, revelar los puntos ciegos, las limitaciones, alcances y promesas de las democracias contemporáneas. En esta línea, se considerará al recién llegado como una potencia que, más allá de la violencia adherida que implica su proceso de instalación, impulsaría una reconsideración de lo político, asumiendo que los Estados democráticos actuales se ven tensionados y exigidos a reformular la territorialidad de sus políticas en la medida que se enfrentan a la llegada de lo "externo", al que deben, de alguna manera, rotular y juridizar. 
650 0 |9 1703  |a Inmigrantes  |x Condiciones sociales  |z Chile 
650 0 |9 571  |a Democracia  |x Aspectos sociales 
856 |u http://bibliotecadigital.academia.cl/xmlui/handle/123456789/5494  |y Disponible en línea (PDF). Biblioteca Digital UAHC 
900 |a ACADEMIA Y CRITICA-02/18 
942 |c REVA  |2 ddc